000 00285nam a22001217a 4500
008 171123b xxu||||| |||| 00| 0 eng d
041 _aeng
080 _a612.39
100 _a10
101 _aNUT
245 _aINTERNATIONAL ON ENGINEERING AND FOOD
_cCHANES.J.W
942 _2udc
_cBK
999 _c38367
_d38367